000 00460nam a2200169Ia 4500
008 180921t1997 xxu||||| |||| 00| 0 eng d
041 _aeng
080 _a581
_bGUN
100 _aGunasena, H.PM.
245 _aCalliandar : A multipurpose tree for agroforestry systems in Sri lanka
260 _bUniversity of Peradeniya
_c1997
300 _a43p., 26 cm
650 _aMorphology
942 _cBK
999 _c13332
_d13332
003 LK-CoDNM
040 _aLK-CoDNM
_dLK-CoDNM
_eLK-CoDNM